| 000 | 00818nam a2200253Ia 4500 | ||
|---|---|---|---|
| 003 | GCL | ||
| 008 | 140319s9999 xx 000 0 ara d | ||
| 040 |
_aGCL / _cGCL |
||
| 082 | 0 | 4 |
_a301.04 _bن ن |
| 100 | 1 | _aمحمد عاطف غيث | |
| 245 | 1 | 0 |
_aنظرية علم الاجتماع: طبعتها وتطورها / _cمحمد عاطف غيث |
| 700 | 1 | _aنيقولا قيماشيف | |
| 700 | 1 | _aمحمود عودة (مترجم) | |
| 260 |
_a[S.N] : _bدار المعرفة الجامعية ، _c1993 |
||
| 300 | _a470 | ||
| 490 | _a | ||
| 650 | 0 | 4 | _aالمجتمع |
| 650 | 0 | 4 | _aالاجتماع |
| 650 | 0 | 4 | _aالانتربولوجيا |
| 650 | 0 | 4 | _aالتغير الاجتماعى |
| 650 | 0 | 4 | _aالتطور الاجتماعى |
| 650 | 0 | 4 | _aالدراسات الاجتماعية |
| 942 |
_2ddc _cBK |
||
| 999 |
_c58917 _d58917 |
||